000 00702cam a22002293a 4500
001 15269
003 PGUSA
005 20140828083328.0
008 050306s2005||||xxu|||||s|||||000 | eng d
040 _aPGUSA
_beng
042 _adc
050 4 _aDK
100 1 _aAbbott, John S. C.
_q(John Stevens Cabot),
_d1805-1877
245 1 4 _aThe Empire of Russia :
_bFrom the Remotest Periods to the Present Time
_h[electronic resource] /
_cJohn S. C. Abbott
260 _bProject Gutenberg,
_c2005
506 _aPublic domain in the USA.
516 _aElectronic text
653 _aRussia -- History
830 0 _aProject Gutenberg
_v15269
856 4 0 _uhttp://www.gutenberg.org/ebooks/15269
942 _cEB
999 _c244524
_d244524